书目信息 |
| 题名: |
演员自我修养
|
|
| 作者: | 斯坦尼斯拉夫斯基 著 ;李志坤 , 陈亚祥 译 | |
| 分册: | ||
| 出版信息: | 北京 台海出版社 2017.5 |
|
| 页数: | 315页 | |
| 开本: | 21cm | |
| 丛书名: | ||
| 单 册: | ||
| 中图分类: | J812.1 | |
| 科图分类: | ||
| 主题词: | 演员--yan yuan--修养 , 斯坦尼斯拉夫斯基体系--si tan ni si la fu si ji ti xi | |
| 电子资源: | ||
| ISBN: | 978-7-5168-1403-1 | |
| 000 | 01089nam0 2200277 450 | |
| 001 | 2159488283 | |
| 005 | 20211011172911.0 | |
| 010 | @a978-7-5168-1403-1@dCNY39.80 | |
| 100 | @a20170808d2017 em y0chiy50 ea | |
| 101 | 1 | @achi@crus |
| 102 | @aCN@b110000 | |
| 105 | @ay z 000yy | |
| 106 | @ar | |
| 200 | 1 | @a演员自我修养@Ayan yuan zi wo xiu yang@f(俄)斯坦尼斯拉夫斯基著@g李志坤,陈亚祥译 |
| 210 | @a北京@c台海出版社@d2017.5 | |
| 215 | @a315页@d21cm | |
| 330 | @a本书采用日记体形式,通过对一群热心戏剧探索、喜爱表演的师生课堂实践的记录,讲述了演员在形体、发声、性格、思维逻辑等方面所应具备的素养。 | |
| 500 | 10 | @a演员自我修养@9yan yuan zi wo xiu yang |
| 606 | 0 | @a演员@Ayan yuan@x修养 |
| 606 | 0 | @a斯坦尼斯拉夫斯基体系@Asi tan ni si la fu si ji ti xi |
| 690 | @aJ812.1@v5 | |
| 701 | 0 | @c(苏)@a斯坦尼斯拉夫斯基@Asi tan ni si la fu si ji@c(Станиславский, Константин Сергеевич@f1863~1938)@4著 |
| 702 | 0 | @a李志坤@Ali zhi kun@4译 |
| 702 | 0 | @a陈亚祥@Achen ya xiang@4译 |
| 801 | 0 | @aCN@b百万庄@c20211007 |
| 905 | @b1307305-08@dJ812.1@e143@f4 | |
| 演员自我修养/(俄)斯坦尼斯拉夫斯基著/李志坤,陈亚祥译.-北京:台海出版社,2017.5 |
| 315页;21cm |
| ISBN 978-7-5168-1403-1:CNY39.80 |
| 本书采用日记体形式,通过对一群热心戏剧探索、喜爱表演的师生课堂实践的记录,讲述了演员在形体、发声、性格、思维逻辑等方面所应具备的素养。 |
| ● |
| 相关链接 |
|
|
|
|
正题名:演员自我修养
索取号:J812.1/143
 
预约/预借
| 序号 | 登录号 | 条形码 | 馆藏地/架位号 | 状态 | 备注 |
| 1 | 1307305 | 213073056 | 第一样本阅览室/ [索取号:J812.1/143] | 在馆 | |
| 2 | 1307306 | 213073065 | 第一借阅区/ [索取号:J812.1/143] | 在馆 | |
| 3 | 1307307 | 213073074 | 第一借阅区/ [索取号:J812.1/143] | 在馆 | |
| 4 | 1307308 | 213073083 | 第一借阅区/ [索取号:J812.1/143] | 在馆 |